| 000 | 00956nmc a2200301 a 4500 | ||
|---|---|---|---|
| 003 | AR-BaBNM | ||
| 005 | 20251128203910.0 | ||
| 008 | 286019s1973 ||||||||||||||000 | spa|| | ||
| 020 | _a92-3-301015-5 | ||
| 040 | _cAR-BaBNM | ||
| 100 | 1 | _aGillette, Arthur | |
| 245 | 1 | 0 | _aLos jóvenes y la alfabetización |
| 260 |
_aParís _bUnesco _bUNCESI _c1973 |
||
| 300 | 0 |
_a87 p. _bil. |
|
| 490 | 0 | _aLa Unesco y su programa | |
| 500 | 1 | _aUNESCO: Organización de las Naciones Unidas para la Educación, la Ciencia y la Cultura | |
| 500 | 0 | _aUNCESI: Centro de Información Económica y Social de las Naciones Unidas | |
| 504 | _aBibliografía: p. 86 | ||
| 650 | 4 | _aANALFABETISMO | |
| 650 | 4 | _aALFABETIZACION | |
| 650 | 4 | _aCENTROS DE ALFABETIZACION | |
| 650 | 4 | _aCAMPANAS DE ALFABETIZACION | |
| 650 | 4 | _aPROGRAMAS DE ALFABETIZACION | |
| 650 | 4 | _aMETODOS DE ALFABETIZACION | |
| 700 | 1 |
_aHaemmerli, Alice _eilustrador |
|
| 942 | _cBK | ||
| 998 | _csilvi | ||
| 999 |
_c5386 _d5386 |
||